Name One Maritime Border for each Island Country - Statistics

General Stats
  • This quiz has been taken 60 times
  • The average score is 41 of 47
Answer Stats
BORDERING COUNTRIES % Correct
Egypt, Greece, Israel, Lebanon, Syria, Turkey
100%
Honduras, Mexico, United States
100%
Iran, Qatar, Saudi Arabia
98%
United States
98%
Italy, Libya
96%
China, North Korea, Russia, South Korea
94%
India, Malaysia, Thailand, Vietnam
94%
Malaysia
94%
Australia, Fiji, Tonga
92%
Australia, Indonesia
92%
Belgium, Denmark, France, Germany, Netherlands, Norway
92%
China
92%
China, Malaysia, Vietnam
92%
East Timor, Indonesia, New Zealand, Papua New Guinea, Solomon Islands
92%
Gambia, Mauritania, Senegal
92%
India
92%
United Kingdom
92%
Australia, Federated States of Micronesia, Indonesia, Solomon Islands
90%
India
90%
Malaysia
90%
Mozambique
90%
Equatorial Guinea, Gabon, Nigeria
86%
Guyana, Venezuela
86%
Marshall Islands, Palau, Papua New Guinea
86%
New Zealand, Tonga, Tuvalu, Vanuatu
86%
Fiji, New Zealand, Samoa
84%
Mozambique, Tanzania
84%
Australia, Papua New Guinea, Vanuatu
82%
Colombia, Venezuela
82%
Federated States of Micronesia, Kiribati, Nauru
82%
Venezuela
82%
Venezuela
82%
Venezuela
82%
Venezuela
82%
Colombia
80%
Marshall Islands, Nauru, Tuvalu
80%
Seychelles
80%
Colombia
78%
Federated States of Micronesia, Indonesia, Philippines
78%
Kiribati, Marshall Islands
78%
Tanzania
78%
Tonga
78%
Fiji, Kiribati
76%
Fiji, Solomon Islands
76%
Saint Lucia, Saint Vincent and the Grenadines, Trinidad and Tobago
76%
Saint Kitts and Nevis
75%
Saint Vincent and the Grenadines, Trinidad and Tobago
75%
No matching quizzes found
Score Distribution
Percent of People with Each Score
Percentile by Number Answered
Your Score History
You have not taken this quiz